000 00335nam a22001217a 4500
008 230620b xxu||||| |||| 00| 0 eng d
020 _a9966941193
082 _a323
_bKHRC
245 _aPambazuka
_bA Guide to Participatory Learning for Human Rights
260 _aKenya
_bKenya Human Rights Commission
300 _a101p
942 _2ddc
_cBK
999 _c1783
_d1783